Laminitis vysokoprodukčných dojníc

Bibliographic Details
Main Authors: Ledecký, Valent, 1950- (Author), Mihály, M. (Author)
Format: Article
Language:Slovak

MARC

LEADER 00000nab a2200000 a 4500
001 vtls010722337
003 SK-MaSNL
005 20260304192339.0
008 250709s2000 xo |||||||||||||||||slo|
035 |a (urnnbn)urn:nbn:sk:snk:ar-a04svy 
035 |a (uuid)5bc8c357-9b40-4275-81f9-1a9911d74b91 
035 |a urn:nbn:sk:snk-ab3mz2 
040 |a SNKBUCL  |b slo  |c SNKBUCL  |e AACR2 
041 0 |a slo 
044 |a xo  |c SK 
100 1 |a Ledecký, Valent,  |d 1950-  |4 aut  |9 204823 
245 1 0 |a Laminitis vysokoprodukčných dojníc  |c V. Ledecký, M. Mihály 
700 1 |a Mihály, M.  |4 aut  |9 776513 
773 0 |t Infovet : veterinársky odborno-informačný časopis  |g Roč. 7, č. 2 (2000), s. 59-61 
850 |a Slovenská národná knižnica 
852 |a Slovenská národná knižnica 
954 |a odborná, vedecká literatúra pôvodná (slovenská)  |2 lita 
958 |a article1 
958 |a OND 
958 |a EUIPO 
999 |c 3061020  |d 3062950